History Quiz

Random History or Country Quiz

Country by General/Admiral Quiz Stats

 Plays Quiz not verified by Sporcle

Challenge
Share
Tweet
Embed
Score 0/30 Timer 10:00
0 Plays Today
General/Admiral Country % Correct
Napoleon BonaparteFrance
91.9%
Ulysses S. GrantUnited States
90.9%
Mao ZedongChina
90.9%
Ramses IIIEgypt
89.9%
Genghis KhanMongol Empire
89.9%
Admiral Tōgō HeihachirōJapanese Empire
87.9%
Erich von LudendorffGerman Empire
86.9%
AttilaHunnic Empire
85.9%
ThemistoclesAthens
84.8%
Georgy ZhukovSoviet Union
83.8%
Antonio López de Santa AnnaMexico
82.8%
Alexander the GreatMacedonia
82.8%
Mikhail KutuzovRussia
82.8%
Francisco PizarroSpanish Empire
81.8%
Võ Nguyên GiápNorth Vietnam
80.8%
General/Admiral Country % Correct
Gaius MariusRome
78.8%
Albrecht von Österreich-TeschenAustro-Hungarian Empire
76.8%
Józef PiłsudskiPoland
75.8%
Admiral John JellicoeUnited Kingdom
74.7%
Hannibal BarcaCarthage
73.7%
CuauhtémocAztecs
73.7%
Suleiman the MagnificentOttoman Empire
72.7%
Cyrus the GreatPersia
70.7%
Simón BolívarVenezuela
70.7%
Frederick the GreatPrussia
69.7%
Moshe DayanIsrael
52.5%
Charles XIISweden
49.5%
AlaricVisigothic Kingdom
41.4%
Carl Gustaf Emil MannerheimFinland
40.4%
BelisariusByzantine Empire
38.4%

You're not logged in!

Compare scores with friends on all Sporcle quizzes.
Join for Free
OR
Log In

You Might Also Like...

Show Comments

Extras

Top Quizzes Today


Score Distribution

Your Account Isn't Verified!

In order to create a playlist on Sporcle, you need to verify the email address you used during registration. Go to your Sporcle Settings to finish the process.

Report this User

Report this user for behavior that violates our Community Guidelines.

Details: